00293nam a2200121Ia 4500008004100000041000800041082001200049100001800061245001900079260003500098300002700133365001100160240624s9999 xx 000 0 und d aeng a823 JAH aJAHAN NASREEN aWOMAN WHO FLEW c2012aNew DelhibPenguin Books axi, : 360p. : cm. ; 19 cRSb25